000 00435nam a2200181Ia 4500
001 4043
005 20260306145727.0
008 260306t2013||||xx |||||||||||||| ||spa||
041 _aESP
082 _a306.85
_bD89
100 _aDonati, Pierpaolo
_eAUT
245 0 _aLa familia como raíz de la sociedad
260 _c2013
300 _axxii, 303 páginas :
_c20 cm.
650 _aGEN
654 _aCED
942 _cLIB
_dJUS
_fJUS
_2ddc
_n
999 _c4043
_d4043